La escritura creativa y formal
Saved in:
| Main Authors: | , |
|---|---|
| Format: | Bog |
| Sprog: | spansk |
| Udgivet: |
Santiago
Andrés Bello
2004
|
| Udgivelse: | 8a. ed |
| Fag: | |
| Tags: |
Tilføj Tag
Ingen Tags, Vær først til at tagge denne postø!
|
MARC
| LEADER | 00000nam a2200000 a 4500 | ||
|---|---|---|---|
| 001 | UCL8381 | ||
| 003 | CL-VaPUC | ||
| 008 | 040618e20040000CL |||||||||||||||||spa|d | ||
| 020 | |a 9561310732 | ||
| 082 | 0 | 4 | |a 372.634 |b CON |2 21 |
| 100 | 0 | |a Condemarín Grimberg, Mabel |e author |9 486334 | |
| 700 | 0 | |a Chadwick Weinstein, Mariana |e author |9 486335 | |
| 245 | 1 | 3 | |a La escritura creativa y formal |
| 250 | |a 8a. ed | ||
| 300 | |a 252 p | ||
| 942 | |c BK | ||
| 945 | |d 20040618 00:00:00 |a cmena | ||
| 260 | |a Santiago |b Andrés Bello |c 2004 | ||
| 650 | 0 | |a Escritura |9 264941 | |
| 650 | 0 | |a Educación básica |9 224933 | |
| 650 | 0 | |a Educación lingüística |9 306506 | |
| 650 | 0 | |a Métodos de enseñanza |9 270413 | |
| 583 | |a last modification |c 20040618 00:00:00 |k Rodrigo Vera | ||
| 999 | |c 309718 |d 309716 | ||
| 952 | |0 0 |1 0 |4 0 |6 372_634000000000000_CON_2004 |7 0 |8 R |9 377440 |a BIBEDU |b BIBEDU |c MCIRC |d 2019-11-21 |i 4027175 |l 5 |m 1 |o 372.634 CON 2004 |p 4027175 |r 2024-10-04 |s 2024-10-02 |w 2019-11-21 |y BK_R |k EBA | ||
| 952 | |0 0 |1 0 |4 0 |6 372_634000000000000_CON_2004 |7 0 |8 R |9 377441 |a BIBEDU |b BIBEDU |c MCIRC |d 2019-11-21 |i 4027183 |l 1 |o 372.634 CON 2004 |p 4027183 |r 2025-04-16 |s 2025-04-09 |w 2019-11-21 |y BK_R |k EBA | ||
| 952 | |0 0 |1 0 |4 0 |6 372_634000000000000_CON_2004 |7 0 |8 R |9 377442 |a BIBEDU |b BIBEDU |c MCIRC |d 2019-11-21 |i 4051181 |l 2 |o 372.634 CON 2004 |p 4051181 |r 2024-09-30 |s 2024-09-26 |w 2019-11-21 |y BK_R |k LIT | ||